| 000 | 00888nas a22002537a 4500 | ||
|---|---|---|---|
| 999 |
_c6557 _d6557 |
||
| 003 | OSt | ||
| 005 | 20240102133236.0 | ||
| 008 | 130703c1992 sp |||| |||| 00| 0 cat d | ||
| 040 |
_cCDMR _bcat |
||
| 245 | 0 | 0 |
_aDones dossier _c/ Associació de Dones Periodistes |
| 247 | 0 | _aDones | |
| 260 |
_aBarcelona : _bADPC, _cDL 2000 - |
||
| 300 | _av. | ||
| 310 | _aIrregular | ||
| 362 | _aNúm. 1 (maig 1992) - núm. 17 (juliol 1998) ; Núm. 0 (oct. 2000) - | ||
| 500 | _aErrada en la numeració entre el núm. 9 i 11 | ||
| 500 | _aA partir de l'any 2000 es reinicia la numeració | ||
| 650 | 0 | 4 |
_93818 _aMitjans de comunicació de massa i dones |
| 650 | 0 | 4 |
_92913 _aDones periodistes |
| 650 | 0 | 4 |
_94233 _aDones en el periodisme |
| 710 | 2 |
_9855 _aAssociació de Dones Periodistes de Catalunya |
|
| 856 |
_uhttp://www.adpc.cat/new_site/?page_id=128 _yAccés lliure |
||
| 942 |
_2udc _cSER _s1 |
||